00470nam a2200157Ia 45000010006000000050017000060080041000230410008000640820015000721000034000872450138001212600009002593000028002686500008002966540008003041785920260306171548.0260306s9999||||xx |||||||||||||| ||und|| aESP a658.3bB45 aLance A. Berger (editor)eAUT 4aThe talent Management Handbook:bcreating a sustainable competitive advantage by selecting, developing, and promoting the best people c2011 a562 páginas :c24 cm. aGEN aCAN